Rozvoj teórie účtovníctva a jej vplyv na obsah a metodiku vzdelávania účtovníctva

Výsledky vedecko-výskumnej činnosti zamerané na riešenie aktuálnych problémov z oblasti účtovníctva podnikateľských subjektov a na využitie výstupov pri moderných formách výučby.

Salvato in:
Dettagli Bibliografici
Autore principale: Máziková, Katarína
Natura: Capitolo di libro
Lingua:slovacco
Soggetti:
Tags: Aggiungi Tag
Nessun Tag, puoi essere il primo ad aggiungerne!!

MARC

LEADER 00000naa$a2200000$$$4500
001 0042438
005 20240502071515.7
041 0 |a slo 
044 |a SK 
245 1 0 |a Rozvoj teórie účtovníctva a jej vplyv na obsah a metodiku vzdelávania účtovníctva  |c Katarína Máziková 
520 |a Výsledky vedecko-výskumnej činnosti zamerané na riešenie aktuálnych problémov z oblasti účtovníctva podnikateľských subjektov a na využitie výstupov pri moderných formách výučby. 
610 2 0 |a účtovníctvo 
610 2 0 |a teória účtovníctva 
610 2 0 |a vzdelávanie 
610 2 0 |a metodika 
610 2 0 |a vzdelávanie elektronické 
100 1 |a Máziková, Katarína